Estudio nacional de consumo de drogas: informe ejecutivo
Salvato in:
| Ente Autore: | |
|---|---|
| Natura: | Libro |
| Lingua: | spagnolo |
| Pubblicazione: |
Santiago
Ministerio del Interior
1995
|
| Soggetti: | |
| Tags: |
Aggiungi Tag
Nessun Tag, puoi essere il primo ad aggiungerne!!
|
MARC
| LEADER | 00000nam a2200000 a 4500 | ||
|---|---|---|---|
| 001 | UCY7900 | ||
| 003 | CL-VaPUC | ||
| 008 | 950623e19950300CL |||||||||||||||||spa|d | ||
| 082 | 0 | 4 | |a 362.29 |b CON |2 21 |
| 110 | 2 | |a Consejo Nacional para el Control de Estupefacientes |e author |9 338796 | |
| 245 | 1 | 0 | |a Estudio nacional de consumo de drogas: informe ejecutivo |
| 300 | |a 18 p | ||
| 942 | |c BK | ||
| 945 | |d 19950623 00:00:00 |a mfernand | ||
| 260 | |a Santiago |b Ministerio del Interior |c 1995 | ||
| 650 | 7 | |a TOXICOMANIA |2 CL-VaPUC |9 307600 | |
| 650 | 0 | |a Alcoholismo |9 259651 | |
| 650 | 0 | |a Estadísticas |9 258644 | |
| 650 | 0 | |a Encuestas |9 259666 | |
| 650 | 0 | |a Análisis de encuestas |9 338797 | |
| 651 | 7 | |a CHILE |2 CL-VaPUC |9 338798 | |
| 583 | |a last modification |c 19950623 00:00:00 |k Rodrigo Vera | ||
| 999 | |c 235197 |d 235195 | ||
| 952 | |0 0 |1 0 |4 0 |6 362_290000000000000_CON_1995 |7 0 |8 A |9 242434 |a BIBEDU |b BIBEDU |c ES_NOD |d 2019-11-18 |i 1520636 |o 362.29 CON 1995 |p 1520636 |r 2023-08-09 |w 2019-11-18 |y BK |k EDU | ||
| 952 | |0 0 |1 0 |4 0 |6 362_290000000000000_CON_1995 |7 0 |8 A |9 242435 |a BIBEDU |b BIBEDU |c ES_NOD |d 2019-11-18 |i 1540718 |o 362.29 CON 1995 |p 1540718 |r 2023-08-09 |w 2019-11-18 |y BK |k EDU | ||